Great musicians : (Record no. 51352)

MARC details
000 -LEADER
fixed length control field 00553nam a2200169Ia 4500
005 - DATE AND TIME OF LATEST TRANSACTION
control field 20260429111913.0
008 - FIXED-LENGTH DATA ELEMENTS--GENERAL INFORMATION
fixed length control field 260429s9999||||xx |||||||||||||| ||und||
020 ## - INTERNATIONAL STANDARD BOOK NUMBER
International Standard Book Number 9788182905399
041 ## - LANGUAGE CODE
Language English
082 ## - DEWEY DECIMAL CLASSIFICATION NUMBER
Classification number 780.92
Item number SAM
100 ## - MAIN ENTRY--PERSONAL NAME
Personal name Sambamoorthy, P.
245 #0 - TITLE STATEMENT
Title Great musicians :
Remainder of title giving biographical sketches and critical estimates of 15 of the musical luminaries of the post-tyagaraja period /
Statement of responsibility, etc P. Sambamoorthy
260 ## - PUBLICATION, DISTRIBUTION, ETC. (IMPRINT)
Place of publication, distribution, etc Haryana :
Name of publisher, distributor, etc Shubhi Publications,
Date of publication, distribution, etc 2024.
300 ## - PHYSICAL DESCRIPTION
Extent vi, 101 p.; hb
650 ## - SUBJECT ADDED ENTRY--TOPICAL TERM
Topical term or geographic name as entry element Musicians
942 ## - ADDED ENTRY ELEMENTS (KOHA)
Koha item type Text Books
Holdings
Withdrawn status Lost status Damaged status Not for loan Collection code Home library Location Shelving location Date of Cataloging Source of acquisition Total Checkouts Full call number Barcode Date last seen Price effective from Koha item type
        Non-fiction CUTN Central Library CUTN Central Library Arts & Sports 29/04/2026 Shanti Books, Chennai - Invoice No. 3100 on 09-02-2026   780.92 SAM 56300 29/04/2026 29/04/2026 Text Books